00578nam a2200157Ia 4500008004000000082001600040100003200056245007100088260002600159300000800185650001000193690002100203906001100224999001900235952016600254210210b2002 xxu||||| |||| 00| 0 eng d a305.56 JACR aJACOB (T G) and BANDHU (P). aReflections on the caste question: dalit situation in south india. aBangalorebNesac2002 a357 aDalit aSocial Structure a060615 c107671d107671 001040708SociologyaALbALcSociologyd2021-02-17eMangala Publications, Bejai, Mangaloreg200.00l0o305.56 JACRp060615r2021-02-17 00:00:00w2021-02-17yBK